Top 15 gesündeste Gemüse - Statistiken

Allgemein
  • Dieses Quiz wurde 567 mal gespielt
  • Das Durchschnittsergebnis liegt bei 6 aus 15
Antwortstatistiken
# Gemüse % Korrekt
13 Möhre
83%
7 Tomate
80%
12 Paprika
62%
5 Kohl
56%
3 Brokkoli
53%
10 Blumenkohl
51%
2 Spinat
46%
8 Rosenkohl
32%
11 Sellerie
31%
1 Grünkohl
25%
6 Spargel
25%
4 Rote Beete
18%
15 Porree
11%
9 Batate
5%
14 Gemüsekohl
0%
Keine übereinstimmenden Quizze gefunden
Verteilung der Resultate
Anzahl Personen mit jedem Resultat
Perzentil nach korrekt beantworteten Fragen
Ihre Resultats-Entwicklung
Sie haben dieses Quiz noch nicht gespielt